Регионална библиотека "Любен Каравелов" - Русе

Небесни цветя (Запис номер 26994)

MARC детайли
000 -Лидер
Контролно поле с фиксирана дължина 00889nam a2200289 c 4500
003 - Код на организацията, давaща контролен номер
Контролно поле BLK
005 - Дата и час на последна редакция
Контролно поле 20180420220124.0
008 - Елементи от данни с фиксирана дължина
fixed length control field 180413b bul|||||r ||||||| ||bul||
010 ## - Наследен системен номер
LC control number KNG00029560000
020 ## - Международен стандартен номер на книга ISBN
Международен стандартен номер на книга ISBN 954-701-088-3
-- издат.: Компас
040 ## - Източник на каталожния запис
Идентификатор на билиотеката - собственик на записа BLK
041 ## - Код за език
Код за езика на текст/звукозапис или на отделно заглавие Български
Код за езика КДБФ Български
080 ## - УДК
Текстов определител УДК Англоканадска литература
УДК код - определител по УДК 821.111(71)
УДК определител -31
УДК - код + определител 821.111(71)-31
100 1# - Редна дума - Автор
Автор Шийлдс, Карол
Авторска отговорност първи автор
R(LIN) 269047
139 ## - Редно поле
Редна дума Шийлдс, Карол
Авторски знак Шивач - Ш 62
245 10 - Сведения за заглавието
Заглавие Небесни цветя
Подзаглавни данни [Роман]
Редно поле (дума) Карол Шийлдс.
257 ## - Страна на издаване
Страна на създаване/издаване Канада
260 ## - Област на издателските данни
-- Варна
Име на издателя, разпространителя и проч. Компас
Година на издаване 1999
300 ## - Физическа характеристика
Страници 206 с.
Размери/Мащаб 20 см
380 ## - Жанр
Жанр Худож. лит.
490 1# - СЕРИИ (Колекции)
Име на серия Избрани романи
852 ## - Местоположение
Форматна сигнатура Цб 202761
856 4# - Електронен адрес и достъп
Електронен формат pdf - файл
Път до файла /url/
856 4# - Електронен адрес и достъп
Електронен формат pdf - файл
Път до файла /url/
942 ## - АРТИКУЛИ
Вид на библиотечния материал Книги
Скрит в OPAC Не
944 ## - СЪЗДАВАНЕ И РЕДАКЦИЯ на ЗАПИСА
Създаване/Редакция Създаване
Дата на регистрацията/редакция 15.01.2003
Служител, извършил регистрацията/редакцията AB_DOS
944 ## - СЪЗДАВАНЕ И РЕДАКЦИЯ на ЗАПИСА
Създаване/Редакция Редакция
Дата на регистрацията/редакция 15.01.2003
Служител, извършил регистрацията/редакцията
999 ## - СИСТЕМНИ КОНТРОЛНИ НОМЕРА
Koha biblionumber 26994
Koha biblioitemnumber 26994
Наличности
Код за отписване Код за изгубен артикул Източник на класификационната схема Код за повреда Коз за рестрикции Код за отдаване Артикулен № Име на библиотеката - собственик Име на библиотеката, в която се намира в момента Статус (Текущо местоположение) Дата на вписване в системата Местоположение - отдел Цена в лева Инвентарен номер Систематично азбучна сигнатура Баркод Номер на екземпляра Цена в евро Служебна бележка Служебен тип на артикула
  Не е изгубен Universal Decimal Classification Не е повреден без рестрикции заемане за дома 43749 Регионална библиотека "Любен Каравелов" Русе Регионална библиотека "Любен Каравелов" Русе Заемна - подръчен фонд 2001-01-01 Заемна - подръчен фонд 3.50 651740 П 820(71)-31/Ш 62 120000651740 1 1.79 Дост: Pk Вид: Ф N: стар фонд Дата: 01.01.1999 Дата инв: 15.02.2018 Бележки инв: П2018 Книги
  Не е изгубен Universal Decimal Classification Не е повреден без рестрикции ползва се в читалня 43750 Регионална библиотека "Любен Каравелов" Русе Регионална библиотека "Любен Каравелов" Русе Хранилище 2001-01-01 Хранилище 3.50 654680 Цб 202761 120000654680 2 1.79 Дост: Dp Вид: Д N: стар фонд Дата: 01.01.1999 Книги
Vip Innovations Ltd, Rousse, Bulgaria 2025